| 000 | 00750nam a2200217 i 4500 | ||
|---|---|---|---|
| 003 | IT-RoINE | ||
| 005 | 20170207043520.0 | ||
| 008 | 030103m19531955sp | r |||| ||spa d | ||
| 040 |
_aSpMaBN _cSpMaBN IT-RoINE _dIT-RoINE |
||
| 100 | 1 |
_916764 _aRivas, Ángel de Saavedra, _cDuque de, _d1791-1865 |
|
| 245 | 1 | 0 |
_aRomances / _cDuque de Rivas ; edición y notas de Cipriano Rivas Cherif. |
| 260 |
_aMadrid : _bEspasa-Calpe, _c1953-1955. |
||
| 300 |
_a2 v. ; _c19 cm. |
||
| 336 |
_2rdacontent _atext |
||
| 337 |
_2rdamedia _aunmediated |
||
| 338 |
_2rdacarrier _avolume |
||
| 490 | 1 |
_aClásicos castellanos ; _v9, 12 |
|
| 700 | 1 |
_aRivas Cherif, Cipriano de, _d1891-1967 _95019 |
|
| 830 | 0 |
_aClásicos castellanos (Espasa-Calpe) _v9, 12 _922520 |
|
| 942 | _cMTS | ||
| 999 |
_c10910 _d10910 |
||